000 00463ntaaa2200181 4500
003 01
005 20251027201313.0
008 0714s1973 ag 01
040 _aAR-BaBN
_bspa
_cAR-BaBN
_eaacr
_dRIC
082 _a221.9500 K64
100 _aKitchen, K. A.
_911229
245 _aAncient Orient and Old Testament
250 _a1 ed.
260 _aLondon :
_bThe Tyndale Press,
_c1966
300 _axii, 191 p.
500 _aEl oriente antiguo y el A.T.
942 _cBK
999 _c7450
_d7450